| 000 | 00589nam a2200217 i 4500 | ||
|---|---|---|---|
| 001 | 57857 | ||
| 003 | ES-MaACL | ||
| 005 | 20230906163651.0 | ||
| 007 | t| | ||
| 008 | 031020s1904 fr ||||1| fre d | ||
| 100 | 1 |
_aDubreuilh, W. _945790 |
|
| 245 | 1 | 0 |
_aPrecis de dermatologie / _cW. Dubreuilh. |
| 250 | _a2eme ed. | ||
| 260 |
_a[S.l. : _bs.n., _c1904] ( _eEvreux : _fCh. Herissey) |
||
| 300 |
_aVI, 525 p. ; _c18 cm. |
||
| 490 | 1 | _aCollection Testut | |
| 650 | 0 | 4 |
_aDermatología. _911784 |
| 830 | 0 |
_aCollection Testut _9181022 |
|
| 852 |
_aES-MaACL _jF-2572 |
||
| 999 |
_c57857 _d57857 |
||